00825nam a2200181Ia 4500008004100000020001500041041001200056082001100068100002000079245005500099260003500154300000800189650001600197942000700213999001500220952021000235952019800445221030s9999 xx 000 0 und d a8177581799 aEnglish a105.23 aA. S. Tanenbaum 0aDistributed Opearating Systemscby A. S. Tanenbaum bPearson EdcuationaDelhic2009 a606 aBE Computer cBK c8937d8937 pBE 10540g510.00i168l1o105.23 eDurga Books, Amritsarr2024-06-13 00:00:00s2023-10-31w2022-10-30yBK003Print4070aMIETLIBbMIETLIBcBL-Academic Block C, FL-2, CUP-155, SH-5, R-5d2010-03-0810HBE pBE 10541g510.00i168l0o105.23 eDurga Books, Amritsarr2024-06-13 00:00:00w2022-10-30yBK003Print4070aMIETLIBbMIETLIBcBL-Academic Block C, FL-2, CUP-155, SH-5, R-5d2010-03-0810HBE